| 000 | 00675nab a2200205 4500 | ||
|---|---|---|---|
| 003 | BR-BrBNA | ||
| 005 | 20240924171034.0 | ||
| 008 | 240924b bl.||||| |||| 00| 0 por d | ||
| 040 |
_aBR-BrBNA _bpor |
||
| 072 | _aE21 ; E71 | ||
| 100 | _aMotta, Ivonete | ||
| 245 |
_aFortalecendo as bases _bAgroindústria |
||
| 500 | _a2 illus. | ||
| 650 | _aAGROINDÚSTRIA | ||
| 650 | _aEXPORTAÇÃO | ||
| 650 | _aTOCANTINS | ||
| 773 | 0 |
_04604 _9317178 _dPalmas - Tocantins Terranova Gráfica e Editora Jornalística Ltda 2005 _o2024-3802 _tCerrado Rural Agronegócios (Brazil) _x1980-2595 _gv. 2(7) p. 32-33; (Apr-May 2005) _wBR2024002726 |
|
| 942 | _cANA | ||
| 999 |
_c327801 _d327801 |
||